Urvar pradesh : (Record no. 48426)

000 -LEADER
fixed length control field 00399nam a22001691a 4500
020 ## - INTERNATIONAL STANDARD BOOK NUMBER
ISBN 9788126718122
082 ## - DEWEY DECIMAL CLASSIFICATION NUMBER
Classification number H1
Item number ANV/U
245 ## - TITLE STATEMENT
Title Urvar pradesh :
Sub Title 3/
Statement of responsibility, etc by Anvita Abbi (ed.)
250 ## - EDITION STATEMENT
Edition statement 2nd.
260 ## - PUBLICATION, DISTRIBUTION, ETC. (IMPRINT)
Place of publication New Delhi:
Name of publisher Rajkamal,
Year of publication 2010.
300 ## - PHYSICAL DESCRIPTION
Number of Pages 367p.
650 ## - SUBJECT ADDED ENTRY--TOPICAL TERM
Topical Term Poetry Hindi
650 ## - SUBJECT ADDED ENTRY--TOPICAL TERM
Topical Term Literature Hindi
650 ## - SUBJECT ADDED ENTRY--TOPICAL TERM
Topical Term Literature
700 ## - ADDED ENTRY--PERSONAL NAME
Personal name Anvita Abbi (ed.)
942 ## - ADDED ENTRY ELEMENTS (KOHA)
Koha item type Book
Holdings
Withdrawn status Lost status Damaged status Not for loan Permanent Location Current Location Date acquired Cost, normal purchase price Full call number Accession Number Cost, replacement price Price effective from Koha item type
        Sree Sankaracharya University of Sanskrit Sree Sankaracharya University of Sanskrit 08.01.2015 350.00 H1 ANV/U 066427 0.00 08.01.2015 Book